Mitología Nórdica

Shranjeno v:
Bibliografske podrobnosti
Glavni avtor: Bernárdez, Enrique
Format: Neznan
Jezik:angleščina
Izdano: Madrid, España: Alianza Editorial, 2017
Serija:El libro de bolsillo
Teme:
Oznake: Označite
Brez oznak, prvi označite!

MARC

LEADER 00000 a2200000 4500
003 CL-VaPUC
005 20220224164030.0
008 201112b ||||| |||| 00| 0 eng d
999 |c 431955  |d 431953 
020 |a 9788491047353 
040 |c Pontificia Universidad Católica de Valparaíso 
082 |a 291.13 BER 2017 
100 |a Bernárdez, Enrique  |9 857273 
245 |a Mitología Nórdica 
260 |a Madrid, España:  |b Alianza Editorial,  |c 2017 
300 |a 364 páginas  
440 |a El libro de bolsillo  |9 858154 
583 |k Cristina Rojas  |c 20201112 
650 |a Mitología nórdica   |9 858155 
942 |2 ddc  |c BK 
952 |0 0  |1 0  |2 ddc  |4 0  |6 291_130000000000000_BER_2017  |7 0  |8 A  |9 576891  |a BIBTEO  |b BIBTEO  |d 2020-11-12  |e 3  |g 12075.00  |i 5577314  |l 1  |o 291.13 BER 2017  |p 5577314  |r 2024-01-18  |s 2023-09-12  |t 1  |v 12075.00  |w 2020-11-12  |y BK  |k ICR